02098cam a2200325 a 4500999001700000001000900017003000400026005001700030008004100047010001700088020001800105020001500123035002400138035002100162040004900183050001700232082001900249100002900268245010600297260004600403300002100449504006400470505086600534650003601400856008201436856010601518856009101624906004501715942001201760 c10221d1022115117222OSt20210217170849.0071218s2008 nyu b 001 0 eng  a 2007051803 a9781591026082 a1591026083 a(OCoLC)ocn179808031 a(OCoLC)179808031 aDLCcDLCdBTCTAdBAKERdYDXCPdC#PdBWXdDLC00aBL625bOS85Y00a204222bOS85Y1 aPrice, Robert M.,d1954-10aTop secret :bthe truth behind today's pop mysticisms /cRobert M. Price ; foreword by Julia Sweeney. aAmherst, N.Y. :bPrometheus Books,c2008. a370 p. ;c24 cm. aIncludes bibliographical references (p. 353-360) and index.0 aIntroduction: Sheep without a shepherd -- Secret identity (Rhonda Byrne's The secret, Wayne W. Dyer, Shakti Gawain, et. al.) -- Karma chameleon (Deepak Chopra, How to know God) -- Dharma bums (Pema Chödrön and Chögyam Trungpa) -- Practicing the present (Eckhart Tolle, The power of now: a guide to spiritual enlightenment) -- A course in malarkey (Helen Schucman, A course in miracles) -- U-turn to love (Marianne Williamson, A return to love) -- Idol conversations (Neale Donald Walsch, Conversations with God) -- The cellophane prophecy (James Redfield, The celestine prophecy) -- Know-it-alls (modern gnostics: Carl Jung, Stephan A. Hoeller, Timothy Freke, and Peter Gandy) -- Going kabbalistic (Michael Berg, The way: using the kabbalah for spiritual transformation and fulfillment) -- Are you running with me, Joel? (Joel Osteen, Your best life now). 0aMysticismvComparative studies.413Table of contents onlyuhttp://www.loc.gov/catdir/toc/ecip087/2007051803.html423Contributor biographical informationuhttp://www.loc.gov/catdir/enhancements/fy1309/2007051803-b.html423Publisher descriptionuhttp://www.loc.gov/catdir/enhancements/fy1309/2007051803-d.html a7bcbccorignewd1eecipf20gy-gencatlg 2ddccBK